000 00558nam a22001697a 4500
008 150828b xxu||||| |||| 00| 0 eng d
020 _a9780713176285
050 _aDP161.K48
100 _aKilsby, Jill
_919171
245 _aSpain: Rise and decline, 1474-1643
_c/by Jill Kilsby
260 _aLondon
_bEdward Arnold
_c1987
300 _a108p. ;
_c22cm.
440 _aAccess to A-Level History
_919157
650 _2Spain
_xHistory
_xFerdinand and Isabella
_919172
650 _2Spain
_xHistory
_xHouse of Austria
_y1516-1700
_919173
942 _2lcc
_cMONOGRAPH
999 _c123189
_d123189